The Hunger Games Characters by Tweet Quiz Stats

 Plays Quiz Updated Aug 22, 2012

Challenge
Share
Tweet
Embed
Score 0/20 Timer 05:00
2 Plays Today
Tweet Who? % Correct
Can Katniss really love him? I'm going hunting so I can stop thinking about it.Gale
87.5%
Just for the record, I mean every word I say about Katniss. I'm not just playing this for the cameras. Peeta
87.1%
I don't know how to feel--I'm grateful Katniss took my place, but am so frightened for her.Prim
86.7%
I may be their mentor, but I don't have to care. Pass me another drink. Haymitch
86.2%
The dress is finished--wait until she spins!Cinna
83.9%
Nobody understands--without me, Panem would fall to pieces. I will not allow Katniss Everdeen to undo our hard work! President Snow
81.5%
I can't believe I got assigned to the contestants from District 12. They're always so shabby--how will I ever impress the Capitol?Effie
79.3%
The berries! Great, I'll eat their food! Sucks for them!Foxface
77.1%
I'm just hiding until Katniss catches up. I can't believe she wanted me for an ally. Wait, footsteps...Rue
75.3%
I hope my token brings Katniss luck.Madge
70.9%
Tweet Who? % Correct
Hmmm--lightning means electricity, and with some wire I can make something here. Beetee
65.4%
Sure I'll spend the night with you--all it will cost is a little secret. Everyone has a secret, right? Finnick
60.5%
ticktockticktockticktock Wiress
59.9%
You think I'd use children in that way? Come on, I'm a leader of the resistance. You don't believe I'd do that, do you?President Coin
56.1%
I'll display my body and act any way I choose--there's nobody left for them to use against me.Johanna
55.9%
Wondering if Katniss understood why I showed her my watch--it's not just pretty. Will she get it in time? Plutarch
52.6%
OMG! Making Katniss beautiful makes me want to change my hair color again! Octavia
51.5%
Ah, fresh dog--I can make a great stew with this. Greasy Sae
49.6%
I can haz goat's milk?Buttercup
36.4%
I knew there'd be trouble but I just couldn't let the Peacekeeper keep whipping Gale. And I'm not sorry.Darius
31.5%

You're not logged in!

Compare scores with friends on all Sporcle quizzes.
Join for Free
OR
Log In

You Might Also Like...

Show Comments

Extras

Top Quizzes Today


Score Distribution

Your Account Isn't Verified!

In order to create a playlist on Sporcle, you need to verify the email address you used during registration. Go to your Sporcle Settings to finish the process.

Report this User

Report this user for behavior that violates our Community Guidelines.

Details: